00523nam a22001697a 450000500170000001000150001702000260003203500140005803700090007208200150008110000200009624500820011625000060019826000410020427000880024530000200033320260114114558.0 aENG-147462 a9789367135440c675.00 aEN-130994 bDBAD a005.13322 ataneja, Sheetal aPython Programming: bA Modular Approach/cSheetal taneja [and] Naveen Kumar  a2 aNoidabPearson India Educationc2026 a15th Floor, Towe-B, World Trade Tower, Plot No.1, Block-C, Sector-16bNoidae201301 a696p.c23cm(pb)